Sports Quiz

Random Sports Quiz

Kaitlyn PPV Opponents Quiz Stats

 Plays Quiz not verified by Sporcle

Score 0/26 Timer 12:00
0 Plays Today
Hint Answer % Correct
WWE Payback 2013AJ Lee
98.5%
WWE Money In The Bank 2013AJ Lee
98.5%
WWE Summer Slam 2013AJ Lee
98.5%
WWE Survivor Series 2013Brie Bella
91%
WWE Survivor Series 2013Nikki Bella
91%
WWE Money In The Bank 2012Natalya
89.6%
WWE TLC 2012Natalya
89.6%
WWE Survivor Series 2013Natalya
89.6%
WWE TLC 2012Naomi
83.6%
WWE Survivor Series 2013Naomi
83.6%
WWE Money In The Bank 2012Eve Torres
80.6%
WWE Hell In A Cell 2012Eve Torres
80.6%
WWE Hell In A Cell 2012Layla
80.6%
Hint Answer % Correct
WWE Survivor Series 2012Eve Torres
80.6%
WWE TLC 2012Layla
80.6%
WWE TLC 2012Cameron
71.6%
WWE Survivor Series 2013 Cameron
71.6%
WWE TLC 2012Alicia Fox
68.7%
WWE Summer Slam 2013Big E Langston
67.2%
WWE Survivor Series 2013Eva Marie
67.2%
WWE TLC 2012Aksana
65.7%
WWE Money In The Bank 2012Beth Phoenix
62.7%
WWE TLC 2012Tamina Snuka
62.7%
WWE Elimination Chamber 2013Tamina Snuka
62.7%
WWE Survivor Series 2013JoJo
59.7%
WWE TLC 2012Rosa Mendes
53.7%

You're not logged in!

Compare scores with friends on all Sporcle quizzes.
OR
Log In

Sporcle TV

Today on Sporcle TV


Watch our educational content, quiz creation guides, and fun videos on Sporcle TV.

Show Comments

Extras

Created Jan 1, 2015ReportNominate
Tags:opponent, PPV, PPV Opponents

Top Quizzes Today


Score Distribution

Your Account Isn't Verified!

In order to create a playlist on Sporcle, you need to verify the email address you used during registration. Go to your Sporcle Settings to finish the process.

Report this User

Report this user for behavior that violates our Community Guidelines.

Details: